Stručné dějiny řecké literatury :

Hlavní autor: Stiebitz, Ferdinand, 1894-1961
Korporativní autor: Univerzita J.E. Purkyně v Brně
Jazyk: Čeština
Vydáno: Praha : Státní pedagogické nakladatelství, 1972
Vydání: 2. vyd.
Edice: Učební texty vysokých škol
Externí odkaz: Digitalizovaný dokument
Fyzický popis: 247 s., xxiv s. fot. příl.: il. ; 8°
Knihy
Uloženo v:
LEADER 01468nam a22003492a 4500
001 000151423
003 CZ BrMZK
005 20241212102058.0
007 ta
008 950101s1972 xr af f 001 0 cze d
015 |a cnb000438706 
035 |a (OCoLC)42158218 
040 |a ABA001  |b cze  |c OSA001  |d ABA001  |d BOA001 
080 9 |a 875(091)(075.8) 
100 1 |a Stiebitz, Ferdinand,  |d 1894-1961  |7 jk01121191  |4 aut 
245 1 0 |a Stručné dějiny řecké literatury :  |c Ferdinand Stiebitz ; předmluva Ladislav Ludvíkovský 
250 |a 2. vyd. 
260 |a Praha :  |b Státní pedagogické nakladatelství,  |c 1972 
300 |a 247 s., xxiv s. fot. příl.:  |b il. ;  |c 8° 
490 1 |a Učební texty vysokých škol 
500 |a 500 výt. 
504 |a Obsahuje bibliografie, bibliografické odkazy a rejstřík 
521 8 |a Určeno pro posluchače fakulty filosofické / 
550 |a Vydavatel: Univerzita J.E. Purkyně v Brně 
500 |a Dostupné též v digitální podobě v aplikaci Kramerius 
710 2 |a Univerzita J.E. Purkyně v Brně  |7 kn20010709352 
810 2 |a Univerzita J.E. Purkyně v Brně.  |t Učební texty vysokých škol  |0 s 
856 4 1 |u http://www.digitalniknihovna.cz/mzk/uuid/uuid:fe933210-b926-11ef-a368-005056827e52  |y Digitalizovaný dokument  |x NDK 
910 |a BOA001  |b 2-0596.039-72 
990 |a BK 
991 |b 201310 
996 6 |b 2619949921  |c 2-0596.039-72  |l Sklad H1  |r Sklad / do 24 hodin  |n 35  |h HS212  |w 000151423  |u 000010  |a 1  |e BOA001  |j MZK50  |s P